书目信息 |
| 题名: |
家常烹调400问
|
|
| 作者: | 金欣 编著 | |
| 分册: | ||
| 出版信息: | 北京 中国纺织工业出版社 1998.04 |
|
| 页数: | 257页 | |
| 开本: | 32开 | |
| 丛书名: | ||
| 单 册: | ||
| 中图分类: | TS972.1 | |
| 科图分类: | ||
| 主题词: | 饮食业--供应技术 | |
| 电子资源: | ||
| ISBN: | 7-5064-1385-X | |
| 000 | 00556nam0 2200193 45 | |
| 001 | 0009021652 | |
| 005 | 20000902162714.8 | |
| 010 | @a7-5064-1385-X@d12.00元 | |
| 100 | @a20000902d1998 km y0chiy0120 ea | |
| 101 | 0 | @achi |
| 105 | @a z 000yy | |
| 200 | 1 | @a家常烹调400问@AJia Chang Peng Diao 400 Wen@f金欣编著@FJin Xin Bian Zhu |
| 210 | @a北京@c中国纺织工业出版社@d1998.04 | |
| 215 | @a257页@d32开 | |
| 606 | 0 | @a饮食业@x供应技术 |
| 690 | @aTS972.1@v3 | |
| 701 | 0 | @a金欣@4编著 |
| 801 | @aCN@bPftUser@c20000902 | |
| 905 | @b114067-071@dTS972.1@eJ.490@f5 | |
| 家常烹调400问/金欣编著.-北京:中国纺织工业出版社,1998.04 |
| 257页;32开 |
| ISBN 7-5064-1385-X:12.00元 |
| ● |
| 相关链接 |
|
|
|
正题名:家常烹调400问
索取号:TS972.1/J.490
 
预约/预借
| 序号 | 登录号 | 条形码 | 馆藏地/架位号 | 状态 | 备注 |
| 1 | 114067 | 201140675 | 自科库501/501自科库 44排7列4层/ [索取号:TS972.1/J.490] | 在馆 | |
| 2 | 114068 | 201140684 | 自科库501/ [索取号:TS972.1/J.490] | 在馆 | |
| 3 | 114069 | 201140693 | 自科库501/501自科库 44排7列4层/ [索取号:TS972.1/J.490] | 在馆 | |
| 4 | 114070 | 201140700 | 自科库501/ [索取号:TS972.1/J.490] | 在馆 | |
| 5 | 114071 | 201140719 | 自科库501/501自科库 44排7列4层/ [索取号:TS972.1/J.490] | 在馆 |